=LDR 00000nam 2200000 4500 =001 INLIS000000000005144 =005 20251008020513 =035 ##$$a 0010-1025000199 =007 ta =008 251008###########################0#ind## =082 ##$$a 363.96 =084 ##$$a 363.96 ADI p =100 #$$a Adi Sasongko =245 1#$$a Peningkatan Kualitas Pelayanan KB : Pengalaman Lapangan Yayasan Kusuma Buana' /$c Badan Koordinasi Keluarga Berencana Nasional =260 ##$$a Jakarta :$b Badan Koordinasi Keluarga Berencana Nasional,$c 1998 =300 ##$$a 8 Hal : $b Ilus ; $c 21 =650 #4$$a Keluarga Berencana =856 ##$$a Perpustakaan Kemendukbangga